| 000 | 00333nam a2200121Ia 4500 | ||
|---|---|---|---|
| 008 | 190216s9999||||xx |||||||||||||| ||und|| | ||
| 100 | _a"Stella Kramrisch, Cousins J H, Vasudeva Poduval" | ||
| 245 | 4 | _aThe Arts And Crafts Of Kerala | |
| 260 |
_bPaico Pub.House Ekm _c1972 |
||
| 300 | _a227p | ||
| 650 | _aKerala History | ||
| 942 | _cBK | ||
| 999 |
_c18856 _d18856 |
||